A víz és a néphagyományok szerepe a Bajai kistérség turizmusában

Bibliográfiai részletek
Szerző: Pethő Dorottya
További közreműködők: Remenyik Dr. Bulcsú
Dokumentumtípus: Diplomadolgozat
Kulcsszavak:Baja
örökségturizmus
vízi turizmus
néphagyományok
vízi sportok
Online Access:http://dolgozattar.uni-bge.hu/7539

MARC

LEADER 00000nta a2200000 i 4500
001 dolg7539
005 20170207170732.0
008 161005suuuu hu om 000 hun d
040 |a BGE Dolgozattár Repozitórium  |b hun 
041 |a hu 
100 1 |a Pethő Dorottya 
245 1 2 |a A víz és a néphagyományok szerepe a Bajai kistérség turizmusában  |c Pethő Dorottya  |h [elektronikus dokumentum] 
695 |a Baja 
695 |a örökségturizmus 
695 |a vízi turizmus 
695 |a néphagyományok 
695 |a vízi sportok 
700 1 |a Remenyik Dr. Bulcsú  |e ths 
856 4 0 |u http://dolgozattar.uni-bge.hu/7539/1/Peth%C5%91%20Dorottya%20szakdolgozat.pdf  |z Dokumentum-elérés